Πρότυπα σχολεία

Αποθηκεύτηκε σε:
Λεπτομέρειες βιβλιογραφικής εγγραφής
Κύριος συγγραφέας: Ξηροτύρης, Ηλίας Ι., 1914-
Μορφή: Βιβλίο
Γλώσσα:Greek
Δημοσίευση: Ηράκλειο Κρήτης : [χ.,ό.], 1952
Θέματα:
Ετικέτες: Προσθήκη ετικέτας
Δεν υπάρχουν, Καταχωρήστε ετικέτα πρώτοι!

MARC

LEADER 00000cam a2200000 i 4500
001 1/20471
008 120613s1952 gre d
035 |l 10112711 
040 |a GR-MY-UA  |b gre  |e aacr 
041 0 |a gre 
082 0 |a 372.9495  |2 (22) 
100 1 |a Ξηροτύρης, Ηλίας Ι.,   |d 1914- 
245 1 0 |a Πρότυπα σχολεία /  |c Ξηροτύρης Ηλίας με τη συνεργασία του προσωπικού 
260 |a Ηράκλειο Κρήτης :   |b [χ.,ό.],   |c 1952 
300 |a 188 σ.;  |c 21 εκ. 
650 0 0 |a Education, Elementary  |z Greece  |x Curricula. 
650 0 0 |a Teaching  |x Methods  |x Education, Elementary. 
650 0 0 |a Education  |x Experimental methods. 
852 |a INST  |b RHODES  |c AKA  |e 20120613  |h  372.9495 ΞΗΡ  |p 005400034443  |q 005400034443  |t BK  |y 0 
901 |a BIBL4-2012-2 
909 |a Ρ  |b 171078 
922 |a 4ΕΛΗ 
970 |z 2012/06/13